| 000 | 00683nam a2200217Ii 4500 | ||
|---|---|---|---|
| 003 | JO-AjNU | ||
| 008 | 230605s9999||||xx |||||||||||||| ||und|| | ||
| 017 | _a2217 | ||
| 040 |
_aJO-AjNU _bara _erda _cJO-AjNU |
||
| 041 | _aara | ||
| 050 | 1 | 4 | _aQA87.M2422 1988 |
| 100 | 3 |
_aابراهيم ، مجدي عزيز, _eauthor _920344 |
|
| 245 | 0 | 0 | _aاساليب وطرائق في تدريس الرياضيات |
| 250 | _aط1 | ||
| 264 | 3 | 1 | _aالقاهرة:مكتبة الانجلو الامريكية ،1988 |
| 300 | _a210ص | ||
| 336 |
_atext _btxt _2rdacontent |
||
| 337 |
_aunmediated _bn _2rdamedia |
||
| 338 |
_avolume _bnc _2rdacarrier |
||
| 650 | 4 |
_aالرياضيات _920345 |
|
| 999 |
_aA6879 _c10447 _d10447 |
||